| 000 | 01117nam a22003135a 4500 | ||
|---|---|---|---|
| 008 | 090527s2005 maua|||frb||| 001 0 eng d | ||
| 020 | _a0071111425 (Paperback ed.) | ||
| 020 | _a9780071111423 (Paperback ed.) | ||
| 040 |
_aEG-ScBUE _beng _cEG-ScBUE |
||
| 082 | 0 | 4 |
_a621.815 _bHAM _222 |
| 100 | 1 |
_aHamrock, Bernard J. _95429 |
|
| 245 |
_aFundamentals of Machine Elements/ _cBernard J. Hamrock, Steven R. Schmid and Bo O. Jacobson |
||
| 250 | _a2nd ed. | ||
| 260 |
_aBoston: _bMcGraw-Hill, _c2005. |
||
| 300 |
_axxiv, 980 p.: _bill.; _c22 cm. |
||
| 490 | 0 | _aMcGraw-Hill Series in Mechanical Engineering | |
| 500 | _aAppendix :p. 941-967. | ||
| 500 | _aIndex : p. 969-980. | ||
| 504 | _aIncludes bibliographical references. | ||
| 590 | _aMENNA elemam | ||
| 650 |
_aMachine design _95430 _2BUEsh |
||
| 650 |
_aMechanical movements _95431 _2BUEsh |
||
| 651 | _2BUEsh | ||
| 653 |
_bENGMEC _cAugust2015 |
||
| 655 |
_aMachine Design- Year 2 _vtext book _xEngineering _ySemester 2. 2008/2009 |
||
| 700 | 1 |
_aSchmid, Steven R. _99175 |
|
| 700 | 1 |
_aJacobson, Bo O. _99176 |
|
| 942 |
_cBB _k621.815 HAM _2ddc |
||
| 999 |
_c12870 _d12870 |
||